Vistas in Plant Pathology (Record no. 47939)

MARC details
000 -LEADER
fixed length control field 00405nam a22001457a 4500
003 - CONTROL NUMBER IDENTIFIER
control field OSt
008 - FIXED-LENGTH DATA ELEMENTS--GENERAL INFORMATION
fixed length control field 250503b |||||||| |||| 00| 0 eng d
082 ## - DEWEY DECIMAL CLASSIFICATION NUMBER
Classification number 581.2
Item number V30V
100 ## - MAIN ENTRY--PERSONAL NAME
Personal name Varma, Anupam
245 ## - TITLE STATEMENT
Title Vistas in Plant Pathology
260 ## - PUBLICATION, DISTRIBUTION, ETC. (IMPRINT)
Place of publication, distribution, etc New Delhi :
Name of publisher, distributor, etc Malhotra Publishing House;
Date of publication, distribution, etc 1986.
300 ## - PHYSICAL DESCRIPTION
Extent 593 p.
650 ## - SUBJECT ADDED ENTRY--TOPICAL TERM
Topical term or geographic name as entry element Botanical sciences | Pure Sciences | Plant pathology
942 ## - ADDED ENTRY ELEMENTS (KOHA)
Source of classification or shelving scheme
Koha item type Books
Holdings
Withdrawn status Lost status Source of classification or shelving scheme Damaged status Not for loan Home library Current library Shelving location Date acquired Total Checkouts Full call number Barcode Date last seen Bill Date Koha item type
          Dr. Rajendra Prasad Central Agricultural University Pusa, Tirhut College of Agriculture General Stacks 03/05/2025   581.2 V30V 41033-TCA 03/05/2025 03/05/2025 Books
          Dr. Rajendra Prasad Central Agricultural University Pusa, Tirhut College of Agriculture General Stacks 03/05/2025   581.2 V30V 41220-TCA 03/05/2025 03/05/2025 Books
Hosted, Implemented, Customized & Maintained by: BestBookBuddies

Powered by Koha